000 02234cam a2200409 a 4500
999 _c28331
_d28302
001 12895143
003 EG-ScBUE
005 20210922104302.0
008 020814s2001 gw a f d 001 0 eng d
020 _a3527302476 (v. 5, 6)
020 _a9783527302475 (v. 5, 6)
040 _aDLC
_beng
_erda
_cDLC
_dDLC
_dEG-ScBUE
082 0 4 _a615.19
_bNEG
_222
100 1 _aNegwer, Martin,
_eauthor.
245 1 0 _aOrganic-chemical drugs and their synonyms :
_ban international survey /
_cMartin Negwer, Hans-Georg Scharnow.
250 _aEighth extensively enlarged edition.
264 1 _aWeinheim :
_bWiley-VCH :
_bFIZ Chemie Berlin,
_c2001.
300 _a2 volumes :
_billustrations ;
_c25 cm
336 _2rdacontent
_atext
_btxt
337 _2rdamedia
_aunmediated
_bn
338 _2rdacarrier
_avolume
_bnc
505 0 _aVolume 5. Synonym index -- Volume 6. Group index, Group index (Reference part), CAS number index.
520 _aThis data collection compiles over 150,000 synonyms and molecular structures of more than 16,000 synthetic drugs used for their identification, e.g. names adopted by certain institutions, common names, names adopted by manufacturers, experimental names, abbreviations, and the non-proprietary names proposed by the World Health Organisation (WHO). The indices makes drug search even easier and more efficient. The 8th edition has been enlarged by almost one third taking into account the rapidly increasing number of the newly developed drugs.
650 7 _aDrugs
_vDictionaries.
_2BUEsh
650 7 _aChemistry, Pharmaceutical
_zDictionaries.
_2BUEsh
650 7 _aDrugs
_xterminology
_zDictionaries.
_2BUEsh
653 _bENGCHE
_cMarch2020
655 _vReading book
_934232
700 1 _aScharnow, Hans-Georg,
_eauthor.
856 4 2 _3Contributor biographical information
_uhttp://www.loc.gov/catdir/bios/wiley045/2002511426.html
856 4 2 _3Publisher description
_uhttp://www.loc.gov/catdir/description/wiley039/2002511426.html
856 4 1 _3Table of contents
_uhttp://www.loc.gov/catdir/toc/wiley031/2002511426.html
906 _a7
_bcbc
_corigcop
_d2
_encip
_f20
_gy-gencatlg
942 _2ddc
_cBB